000 00505nam a22001937a 4500
005 20210420063517.0
008 201127b2005 ||||| |||| 00| 0 eng d
020 _a9781844832187
040 _cDLC
041 _aeng
080 _a008
_bW-83
100 _9408
_aWool.Greg
_deditor
245 _aAncient Civilizations
260 _aLondon
_bDunkan Baird Publishers
_c2005
300 _a688
_bill
650 0 _9410
_aHistory of civilizations
653 _aცივილიზაცია
942 _2udc
_cBK
999 _c484
_d484